Código de Justicia Militar. Edición oficial, aprobada por Decreto Nº 426, de 24 de enero de 2011, del Ministerio de Justicia.
Збережено в:
| Співавтор: | |
|---|---|
| Формат: | Книга |
| Мова: | Іспанська |
| Опубліковано: |
Santiago,Chile:
Jurídica,
2011
|
| Редагування: | Vigésima edición. Edición actualizada al 6 de abril de 2011. |
| Предмети: | |
| Теги: |
Додати тег
Немає тегів, Будьте першим, хто поставить тег для цього запису!
|
MARC
| LEADER | 00000cam a2200000 a 4500 | ||
|---|---|---|---|
| 001 | UCG7916 | ||
| 003 | CL-VaPUC | ||
| 005 | 20241204115006.0 | ||
| 008 | 111021e20110400CL |||||||||||||||||spa|d | ||
| 999 | |c 345604 |d 345602 | ||
| 020 | |a 9789561021082 | ||
| 040 | |c Pontificia Universidad Católica de Valparaíso | ||
| 082 | 0 | 4 | |a 343.8301026 CHI 2011 |2 21 |
| 110 | 1 | |a Chile |9 890760 | |
| 245 | 1 | 0 | |a Código de Justicia Militar. |b Edición oficial, aprobada por Decreto Nº 426, de 24 de enero de 2011, del Ministerio de Justicia. |
| 250 | |a Vigésima edición. Edición actualizada al 6 de abril de 2011. | ||
| 260 | |a Santiago,Chile: |b Jurídica, |c 2011 | ||
| 300 | |a 425 páginas | ||
| 505 | |a -Decreto Aprobatorio N.º 2. 2226, de 1944. -Libro Primero. De los Tribunales Militares. -Libro Segundo. Del Procedimiento. -Libro Tercero. De la Penalidad. -Libro Cuarto. Otras Disposiciones. Apéndice: -Decreto Ley N.º 2.306. De 12 de septiembre de 1978. Dicta normas sobre reclutamiento y movilización de las Fuerzas Armadas. -Decreto Supremo N.º 400. De 13 de abril de 1978. Fija texto refundido, coordinado y sistematizado de la Ley N.º 17.798, sobre Control de Armas. -Ley N.º 18.953. De 9 de marzo de 1990. Dicta normas sobre movilización. -Decreto Ley N.º 2.191. De 19 de abril de 1978. Concede amnistía a las personas que indica por los delitos que señala. -Código Aeronáutico. Título XIII. De los delitos contra la Seguridad de la Aviación Civil. -Decreto Supremo (Sub. Guerra) N.º 87. De 4 de septiembre de 2003. Establece territorio jurisdiccional a juzgados militares y fiscalías militares dependientes. -Decreto Supremo N.º 900. De 17 de julio de 1967. Reglamento de Disciplina de Carabineros de Chile, N.º 11. -Decreto Supremo N.º 1.445. De 14 de diciembre de 1951. Reglamento de Disciplina para las Fuerzas Armadas. -Decreto Supremo N.º 1.232. De 21 de octubre de 1986. Reglamento de Disciplina de la Armada. -Ley N.º 19.948. Ley Orgánica Constitucional de las Fuerzas Armadas. -Ley N.º 18.961. Ley Orgánica Constitucional de Carabineros de Chile. -Ley N.º 20.357. Tipifica crímenes de lesa humanidad y genocidio y crímenes y delitos de guerra. | ||
| 583 | |a last modification |c 20111021 10:47:00 |k Rodrigo Vera | ||
| 650 | 0 | |a Derecho militar |9 255065 | |
| 650 | 7 | |a Justicia militar |2 CL-VaPUC |9 558414 | |
| 650 | 7 | |a Tribunales militares |9 328495 | |
| 650 | 0 | |a Fuerzas Armadas |9 255504 | |
| 650 | 0 | |a Derecho penal militar |9 337951 | |
| 942 | |c BK |2 ddc | ||
| 945 | |d 20111021 00:00:00 |a dcastane | ||
| 952 | |0 0 |1 0 |4 0 |6 343_830102600000000_CHI_2011 |7 0 |8 R |9 444526 |a BIBDER |b BIBDER |d 2019-11-22 |i 4792378 |l 1 |o 343.8301026 CHI 2011 |p 4792378 |r 2023-01-25 |s 2022-04-08 |w 2019-11-22 |y BK_R |k DER | ||